Tejiendo encajes de poder y poderes /

Gespeichert in:
Bibliographische Detailangaben
1. Verfasser: Bareiro, Line
Format: Text
Schlagworte:
Tags: Tag hinzufügen
Keine Tags, Fügen Sie den ersten Tag hinzu!

MARC

LEADER 00000 a a2200000 04500
001 7461
003
040
100 |a Bareiro, Line  
245 |a Tejiendo encajes de poder y poderes /  |c Line Bareiro 
650 |a MUJERES  
650 |a DESIGUALDAD DE OPORTUNIDADES  
650 |a PODER  
650 |a DEMOCRATIZACION  
650 |a PARTICIPACION DE LA MUJER  
650 |a PARTIDOS POLITICOS  
650 |a ESTADO  
773 |g número 5; páginas 4-15  
999 |c 26019  |d 26019